000 00376 a2200169 4500
001 182754
020 _a978-85-01-06198-0
040 _cMagnum
100 _aAndrade, Carlos Drummond de
240 1 0 _aAmar se aprende amando
_lpor
245 1 0 _aAmar se aprende amando
300 _a207
362 0 _a2008
440 1 _aRecord
697 _aLITERATURA GERAL
942 _cBK
999 _c182754
_d182754